000 00891cam a2200337 4500
001 a4448
003 DO-SdBNP
005 20240311090921.0
007 a4448
008 090317s2010 sp || 000 f spa
015 _a
017 _a
_b
020 _a9788466321112
035 _a
040 _aBPMSU
_bspa
_cBPMSU
_e
080 _a
082 4 _a863.6
_bL437m 2010
_222
100 1 _aLeante, Luis
_d1963-
245 1 0 _aMira si yo te querré /
_cLuis Leante
_h
250 _a 2a. ed.
260 _aMadrid :
_bEdiciones Generales,
_c2010
300 _a314 p. :
_c21 cm
490 0 _aPunto de Lectura
_anarratova
_v271/1
586 _a Premio Alfaguara de Novela 2007"-
590 _aInventariado, 2024/VM
650 4 _aNovela española
650 4 _aNovela amorosa
650 4 _aVida en el desierto
910 _aVMateo V. Cotrol de calidad. BPMSU
942 _2ddc
_cBK
999 _c10546
_d10546